| 000 | 00360cam a22001217a 4500 | ||
|---|---|---|---|
| 008 | 180718b1962 xxu||||| |||| 00| 0 eng d | ||
| 082 | _aH211x73 J137 | ||
| 245 |
_aWisdom of the Supreme Court _cedited by Percival E. Jackson |
||
| 260 |
_aNorman _bUniversity of Okla Press _c1962 |
||
| 300 | _a524p. | ||
| 650 | _aLaw --Quotations | ||
| 700 | _aJackson, Percival E. | ||
| 999 |
_c371500 _d371500 |
||